Le droit romain
Saved in:
| Main Author: | |
|---|---|
| Format: | Book |
| Language: | French |
| Published: |
París
Presses Universitaires de France
1972
|
| Edition: | 6a. ed |
| Series: | Que sais-je?
|
| Subjects: | |
| Tags: |
Add Tag
No Tags, Be the first to tag this record!
|
MARC
| LEADER | 00000nam a2200000 a 4500 | ||
|---|---|---|---|
| 001 | UCS8442 | ||
| 003 | CL-VaPUC | ||
| 008 | 971031e19720000FR |||||||||||||||||fre|d | ||
| 082 | 0 | 4 | |a 340.54 |b VIL |2 21 |
| 100 | |a Villey, Michel |e autor |9 257972 | ||
| 245 | 1 | 3 | |a Le droit romain |
| 250 | |a 6a. ed | ||
| 300 | |a 125 p | ||
| 942 | |c BK | ||
| 945 | |d 19971031 00:00:00 |a lriquelm | ||
| 260 | |a París |b Presses Universitaires de France |c 1972 | ||
| 650 | 0 | |a Derecho romano |9 255930 | |
| 650 | 0 | |a Procedimiento civil |9 254870 | |
| 650 | 0 | |a Derechos reales |9 257708 | |
| 650 | 0 | |a Posesión |9 258681 | |
| 650 | 0 | |a Fuentes de las obligaciones |9 385043 | |
| 650 | 0 | |a Contratos |9 255153 | |
| 583 | |a last modification |c 19971031 00:00:00 |k Rodrigo Vera | ||
| 490 | 0 | |a Que sais-je? | |
| 999 | |c 262871 |d 262869 | ||
| 952 | |0 0 |1 0 |4 0 |6 340_540000000000000_VIL_1972 |7 0 |8 DER_ROM |9 291792 |a BIBDER |b BIBDER |d 2019-11-19 |i 1889672 |o 340.54 VIL 1972 |p 1889672 |r 2023-01-25 |w 2019-11-19 |x Ubicación 4to piso |y BK |z Este recurso debe solicitarse con anticipación |k DER | ||